00486cam a2200157 a 450000100100000000500170001000800410002704000250006808200140009310000460010724500400015326000420019330000280023550400420026365000230030500000426920200929151423.0710622s1967 enka b 001 0 eng  aDO-SdBNPbspacBNPHU axxbG555j1 aGleeson, G. R.q(Geoffrey Robert),d1927-10aJudo for the West /cG. R. Gleeson. aLondon :bKaye & Ward Limited,c1967. a207 p. :bil. ;c23 cm. aIncluye referencias bibliográficas. 4aJudo.xEnseñanza